LEADER 02136nam 2200637Ia 450 001 9910449919203321 005 20200520144314.0 010 $a1-282-15622-5 010 $a9786612156229 010 $a90-272-9393-7 035 $a(CKB)1000000000244055 035 $a(OCoLC)191937597 035 $a(CaPaEBR)ebrary10103908 035 $a(SSID)ssj0000152294 035 $a(PQKBManifestationID)11910646 035 $a(PQKBTitleCode)TC0000152294 035 $a(PQKBWorkID)10339681 035 $a(PQKB)10628790 035 $a(MiAaPQ)EBC622549 035 $a(Au-PeEL)EBL622549 035 $a(CaPaEBR)ebr10103908 035 $a(CaONFJC)MIL215622 035 $a(OCoLC)237390388 035 $a(EXLCZ)991000000000244055 100 $a20051028d2005 uy 0 101 0 $aeng 135 $aurcn||||||||| 181 $ctxt 182 $cc 183 $acr 200 10$aExploring corpora for ESP learning$b[electronic resource] /$fLaura Gavioli 210 $aPhiladelphia $cJohn Benjamins$d2005 215 $a1 online resource (189 p.) 225 1 $aStudies in corpus linguistics,$x1388-0373 ;$vv. 21 300 $aBibliographic Level Mode of Issuance: Monograph 311 $a90-272-2292-4 320 $aIncludes bibliographical references and index. 410 0$aStudies in corpus linguistics ;$vv. 21. 606 $aEnglish language$xStudy and teaching$xForeign speakers 606 $aEnglish language$xStudy and teaching$xData processing 606 $aEnglish language$xDiscourse analysis$xData processing 606 $aComputational linguistics 608 $aElectronic books. 615 0$aEnglish language$xStudy and teaching$xForeign speakers. 615 0$aEnglish language$xStudy and teaching$xData processing. 615 0$aEnglish language$xDiscourse analysis$xData processing. 615 0$aComputational linguistics. 676 $a428.0071 700 $aGavioli$b Laura$0624439 801 0$bMiAaPQ 801 1$bMiAaPQ 801 2$bMiAaPQ 906 $aBOOK 912 $a9910449919203321 996 $aExploring Corpora for ESP Learning$91098477 997 $aUNINA LEADER 00756nam 2200229 450 001 9910979685903321 005 20250220170117.0 010 $a9788815389572 100 $a20250220d2024----u y0engy50 ba 101 0 $aita 102 $aIT 105 0 $a 00 200 1 $aRapporto annuale sull'economia dell'immigrazione$eedizione 2024$ele conseguenze economiche della recessione demografica$fFondazione Leone Moressa 210 $aBologna$cil Mulino$d2024 610 0 $aImmigrazione$aStranieri$aItalia 676 $a331.62$V23$zita 710 02$aFondazione Leone Moressa$0479608 912 $a9910979685903321 952 $a331.62 MOR 12$b12547$fbfs 959 $aBFS 996 $aRapporto annuale sull'economia dell'immigrazione$940546 997 $aUNINA